[Event "DLM 2011"]
[Site "Xanten GER"]
[Date "2011.10.31"]
[Round "1"]
[White "Krassowizkij, Jaroslaw"]
[Black "Hirschberg, Valerian"]
[Result "1-0"]
[Termination "normal"]
[Board "1.1"]
[WhiteTitle "FM"]
[WhiteElo "2357"]
[BlackElo "2225"]
[WhiteTeam "Württemberg"]
[BlackTeam "Baden"]
[PlyCount "115"]
[WhiteFideId "1271703"]
[BlackFideId "24628492"]
[EventCountry "GER"]
[EventRounds "7"]
[EventType "team-swiss"]
[EventDate "2011.10.30"]

1. c4 c5 2. g3 Nf6 3. Bg2 d5 4. cxd5 Nxd5 5. Nc3 Nc7 6. Qa4+ Nd7 7. Nf3 g6 8.
d4 cxd4 9. Qxd4 e5 10. Qa4 Bg7 11. Bg5 f6 12. Be3 O-O 13. Rd1 Kh8 14. h4 Qe8
15. h5 gxh5 16. Bh3 Nb6 17. Qxe8 Rxe8 18. Bxb6 axb6 19. Bxc8 Rexc8 20. Rxh5 Rd8
21. Rxd8+ Rxd8 22. Rh4 Bf8 23. e3 Ne6 24. Ke2 Kg7 25. Rc4 Rd7 26. Nh4 Rc7 27.
Rxc7+ Nxc7 28. Kd3 Bb4 29. Ne4 Kf7 30. Kc4 Bf8 31. Nc3 Ke6 32. e4 Bc5 33. Nd1
Ne8 34. Nf5 Nd6+ 35. Nxd6 Kxd6 36. Ne3 Kc6 37. a4 Bd4 38. Ng4 Kd6 39. f3 Ke6
40. b3 f5 41. exf5+ Kxf5 42. Kd3 Bc5 43. Ne3+ Ke6 44. Ke4 Bxe3 45. Kxe3 Kf5 46.
g4+ Kf6 47. Ke4 Ke6 48. Ke3 Kd6 49. Kd2 Kc6 50. Kd3 Kd5 51. b4 h6 52. Ke3 Kc4
53. Ke4 Kxb4 54. Kxe5 b5 55. axb5 Kxb5 56. f4 Kc6 57. Ke6 b6 58. f5 1-0

[Event "DLM 2011"]
[Site "Xanten GER"]
[Date "2011.10.31"]
[Round "1"]
[White "Haag, Gregor"]
[Black "Wenninger, Philipp"]
[Result "0-1"]
[Termination "normal"]
[Board "1.2"]
[WhiteElo "2065"]
[BlackElo "2143"]
[WhiteTeam "Baden"]
[BlackTeam "Württemberg"]
[PlyCount "82"]
[WhiteFideId "24680931"]
[BlackFideId "4648404"]
[EventCountry "GER"]
[EventRounds "7"]
[EventType "team-swiss"]
[EventDate "2011.10.30"]

1. Nf3 d5 2. c4 c6 3. e3 Nf6 4. d4 Bg4 5. Nc3 e6 6. Be2 Nbd7 7. O-O Bd6 8. b3
Qb8 9. h3 Bh5 10. Qc2 O-O 11. Bb2 Bg6 12. Bd3 b5 13. cxb5 cxb5 14. Bxg6 hxg6
15. Rfc1 Rc8 16. Qd3 a6 17. Rc2 Ra7 18. Rac1 Rac7 19. Nd2 Qb6 20. Ne2 Bb4 21.
Rxc7 Rxc7 22. Rxc7 Qxc7 23. Bc3 Bd6 24. f3 Nh5 25. e4 Nf4 26. Nxf4 Bxf4 27. Nf1
Nf6 28. e5 Nd7 29. Bb2 Qb6 30. Kh1 Qa5 31. Qc3 Qxa2 32. g3 b4 33. Qc2 Bg5 34.
f4 Be7 35. Ne3 Nb6 36. Kg2 a5 37. Nd1 a4 38. bxa4 Nxa4 39. Kf3 Nxb2 40. Qxb2
Qc4 41. Nf2 b3 0-1

[Event "DLM 2011"]
[Site "Xanten GER"]
[Date "2011.10.31"]
[Round "1"]
[White "Kvetny, Mark"]
[Black "Frey, Alisa"]
[Result "1-0"]
[Termination "normal"]
[Board "1.3"]
[WhiteElo "2125"]
[BlackElo "2104"]
[WhiteTeam "Württemberg"]
[BlackTeam "Baden"]
[PlyCount "141"]
[WhiteFideId "24603929"]
[BlackFideId "24634662"]
[EventCountry "GER"]
[EventRounds "7"]
[EventType "team-swiss"]
[EventDate "2011.10.30"]

1. d4 Nf6 2. c4 g6 3. Nc3 d5 4. Bg5 Bg7 5. Bxf6 Bxf6 6. cxd5 c6 7. Rc1 Qb6 8.
e3 Qxb2 9. Bc4 O-O 10. Nge2 Qa3 11. O-O Rd8 12. Nf4 Qd6 13. Ne4 Qd7 14. Nxf6+
exf6 15. dxc6 Nxc6 16. Bb5 Qd6 17. Bxc6 bxc6 18. Qa4 Bd7 19. Rc5 Rdb8 20. Nd3
Rb5 21. Rfc1 a5 22. h3 Rab8 23. Qc2 R8b6 24. a4 Rb3 25. Rxa5 Bf5 26. Ra8+ Rb8
27. Qxb3 Rxa8 28. Nc5 Rb8 29. Qc3 Ra8 30. a5 Bc8 31. Rb1 Qc7 32. Rb6 f5 33. Nd3
Ra6 34. Qc5 Bb7 35. Nb4 Ra8 36. a6 Bc8 37. Nxc6 Kg7 38. a7 Bb7 39. Na5 Qxc5 40.
dxc5 Be4 41. Ra6 Bd3 42. Rd6 Rxa7 43. Rxd3 Rxa5 44. Rc3 Ra7 45. g4 Kf6 46. c6
Rc7 47. Kg2 fxg4 48. hxg4 g5 49. Kf3 Ke5 50. Rc5+ Ke6 51. Rxg5 Rxc6 52. Rh5 Rc4
53. Rh6+ Ke5 54. Rxh7 Kf6 55. Rh5 Ra4 56. Rf5+ Kg6 57. e4 Rb4 58. Kf4 Ra4 59.
g5 Ra2 60. Rf6+ Kg7 61. f3 Ra5 62. e5 Rb5 63. Kf5 Ra5 64. f4 Rb5 65. g6 fxg6+
66. Rxg6+ Kf7 67. Rf6+ Kg7 68. Ra6 Rb7 69. Ke6 Rb8 70. Ra7+ Kf8 71. Kf6 1-0

[Event "DLM 2011"]
[Site "Xanten GER"]
[Date "2011.10.31"]
[Round "1"]
[White "Töws, Manuel"]
[Black "Gibicar, Danijel"]
[Result "0-1"]
[Termination "normal"]
[Board "1.4"]
[WhiteElo "1988"]
[BlackElo "2061"]
[WhiteTeam "Baden"]
[BlackTeam "Württemberg"]
[PlyCount "128"]
[WhiteFideId "24654485"]
[BlackFideId "24660256"]
[EventCountry "GER"]
[EventRounds "7"]
[EventType "team-swiss"]
[EventDate "2011.10.30"]

1. e4 e6 2. d4 d5 3. Nc3 Bb4 4. e5 c5 5. a3 Ba5 6. b4 cxd4 7. Nb5 Bc7 8. f4 Bd7
9. Nxc7+ Qxc7 10. Bd3 Ne7 11. Nf3 Ba4 12. O-O Nbc6 13. Bb2 Qb6 14. Kh1 Bb5 15.
Bxd4 Nxd4 16. Nxd4 Bc4 17. c3 Rc8 18. f5 Bxd3 19. Qxd3 Nxf5 20. Nxf5 exf5 21.
Qxd5 g6 22. c4 Qc6 23. Rac1 O-O 24. Rfe1 Rfe8 25. Qd4 a6 26. Re3 Rcd8 27. Qc3
Re6 28. Rce1 Qd7 29. Kg1 Qd2 30. Qxd2 Rxd2 31. Kf1 Kf8 32. R1e2 Rd1+ 33. Kf2
Ke7 34. Rc3 Rd4 35. Kf3 Rc6 36. Rec2 Ke6 37. a4 Kxe5 38. Re2+ Re4 39. Rec2 g5
40. b5 Rc5 41. Re3 Kd4 42. Rb3 a5 43. b6 Ke5 44. Rb5 Rf4+ 45. Ke3 Kd6 46. Rd2+
Kc6 47. Rd5 Rxb5 48. Rxb5 Rxc4 49. Rxa5 Rc5 50. Ra8 Kxb6 51. Rh8 Ka5 52. Rxh7
Kxa4 53. Rxf7 b5 54. Kd4 Kb4 55. h3 Rc4+ 56. Ke5 Kc3 57. Rg7 b4 58. Rxg5 f4 59.
h4 b3 60. Rg7 b2 61. Rb7 Rb4 62. Rxb4 Kxb4 63. Kxf4 b1=Q 64. g4 Qg6 0-1

[Event "DLM 2011"]
[Site "Xanten GER"]
[Date "2011.10.31"]
[Round "1"]
[White "Schäfer, Daniela"]
[Black "Kühnel, Lena"]
[Result "1-0"]
[Termination "normal"]
[Board "1.5"]
[WhiteElo "1927"]
[BlackElo "1902"]
[WhiteTeam "Württemberg"]
[BlackTeam "Baden"]
[PlyCount "73"]
[WhiteFideId "4624769"]
[BlackFideId "24640956"]
[EventCountry "GER"]
[EventRounds "7"]
[EventType "team-swiss"]
[EventDate "2011.10.30"]

1. e4 e5 2. Nf3 Nc6 3. Bb5 a6 4. Ba4 Nf6 5. O-O Be7 6. Re1 b5 7. Bb3 O-O 8. h3
d6 9. c3 Na5 10. Bc2 c5 11. d4 Qc7 12. Nbd2 Bd7 13. Nf1 Rfc8 14. dxe5 dxe5 15.
Ne3 Be6 16. Ng5 Rd8 17. Qe2 Bc4 18. Nxc4 Nxc4 19. Nf3 Nb6 20. Nh4 g6 21. Nf3 c4
22. Be3 Nbd7 23. Rad1 Nc5 24. Bc1 a5 25. Nh2 Rxd1 26. Rxd1 Rd8 27. Rxd8+ Qxd8
28. Nf3 Qd6 29. Bg5 Nh5 30. Bxe7 Qxe7 31. g3 Nf6 32. a4 Qd6 33. axb5 Nd3 34. b3
Qa3 35. bxc4 Qa1+ 36. Kh2 Nc1 37. Qd1 1-0

[Event "DLM 2011"]
[Site "Xanten GER"]
[Date "2011.10.31"]
[Round "1"]
[White "Riehle, Marco"]
[Black "Zeller, Elisa"]
[Result "0-1"]
[Termination "normal"]
[Board "1.6"]
[WhiteElo "1753"]
[BlackElo "1778"]
[WhiteTeam "Baden"]
[BlackTeam "Württemberg"]
[PlyCount "76"]
[WhiteFideId "12904392"]
[BlackFideId "24662410"]
[EventCountry "GER"]
[EventRounds "7"]
[EventType "team-swiss"]
[EventDate "2011.10.30"]

1. e4 c5 2. Nf3 d6 3. d4 cxd4 4. Nxd4 Nf6 5. Nc3 a6 6. f3 Nc6 7. Be3 e5 8. Nb3
Be7 9. Qd2 Be6 10. O-O-O Na5 11. g4 Nxb3+ 12. cxb3 Rc8 13. h4 Qa5 14. Kb1 Nd7
15. Nd5 Qxd2 16. Rxd2 Bxd5 17. Rxd5 Nf6 18. Rd2 h6 19. Rdh2 d5 20. g5 Nh5 21.
exd5 Ng3 22. Bh3 Rd8 23. Rd1 hxg5 24. Bb6 Rd6 25. Bc7 Rxh4 26. Bxd6 Bxd6 27.
Rg1 e4 28. fxe4 g4 29. Re1 Rxh3 30. Rc2 Rh1 31. Rcc1 Rxe1 32. Rxe1 f6 33. Kc2
Nh5 34. a3 g3 35. b4 g2 36. Rg1 Nf4 37. Kb3 Ke7 38. Ka4 Be5 0-1

[Event "DLM 2011"]
[Site "Xanten GER"]
[Date "2011.10.31"]
[Round "1"]
[White "Rausch, Adrian"]
[Black "Wiesner, Paula"]
[Result "1/2-1/2"]
[Termination "normal"]
[Board "1.7"]
[WhiteElo "1667"]
[BlackElo "1780"]
[WhiteTeam "Württemberg"]
[BlackTeam "Baden"]
[PlyCount "49"]
[WhiteFideId "12929069"]
[BlackFideId "24654019"]
[EventCountry "GER"]
[EventRounds "7"]
[EventType "team-swiss"]
[EventDate "2011.10.30"]

1. d4 d5 2. c4 e6 3. Nf3 Nf6 4. e3 Be7 5. Bd3 O-O 6. O-O c6 7. b3 Nbd7 8. Bb2
c5 9. Qc2 h6 10. Nbd2 b6 11. Ne5 Bb7 12. f4 Qc7 13. Ndf3 Ne4 14. Bxe4 dxe4 15.
Nxd7 Qxd7 16. Ne5 Qc7 17. Rfd1 Rfd8 18. Qf2 Bd6 19. g4 Bxe5 20. dxe5 Rd3 21.
Rxd3 exd3 22. h3 Qc6 23. Kh2 Rd8 24. Rd1 Qe4 25. Bc3 1/2-1/2

[Event "DLM 2011"]
[Site "Xanten GER"]
[Date "2011.10.31"]
[Round "1"]
[White "Steimbach, Isabel"]
[Black "Lederer, Leia"]
[Result "1/2-1/2"]
[Termination "normal"]
[Board "1.8"]
[WhiteTitle "Nr9"]
[WhiteElo "1602"]
[BlackElo "1160"]
[WhiteTeam "Baden"]
[BlackTeam "Württemberg"]
[PlyCount "92"]
[WhiteFideId "24692174"]
[BlackFideId "12926353"]
[EventCountry "GER"]
[EventRounds "7"]
[EventType "team-swiss"]
[EventDate "2011.10.30"]

1. e4 c5 2. c3 Nf6 3. e5 Nd5 4. Bc4 e6 5. Nf3 Nb6 6. Bb3 Nc6 7. O-O d6 8. exd6
Bxd6 9. d4 cxd4 10. cxd4 O-O 11. Nc3 Qf6 12. Bg5 Qg6 13. Bc2 Qh5 14. Ne4 f6 15.
Bxf6 gxf6 16. Nxd6 Nd5 17. Qd2 Kh8 18. Ne4 f5 19. Ng3 Qg4 20. h3 Qg7 21. Nh5
Qg6 22. Nf4 Nxf4 23. Qxf4 Rg8 24. Nh4 Qg7 25. Rad1 Nb4 26. Bb3 Nd5 27. Qe5 Nf6
28. Rd3 Qg5 29. Rg3 Qxh4 30. Rxg8+ Kxg8 31. Bxe6+ Bxe6 32. Qxe6+ Kh8 33. d5 Rg8
34. Qxf5 Rg6 35. d6 Rg7 36. Rc1 Qd4 37. Rc8+ Ng8 38. Qe6 Qd1+ 39. Kh2 Qd4 40.
Kg1 b5 41. Rc7 Qd1+ 42. Kh2 Qd4 43. Rxg7 Kxg7 44. d7 Qf4+ 45. Kh1 Qc1+ 46. Kh2
Qf4+ 1/2-1/2

[Event "DLM 2011"]
[Site "Xanten GER"]
[Date "2011.10.31"]
[Round "1"]
[White "Schulz, Jens"]
[Black "Colpe, Malte"]
[Result "0-1"]
[Termination "normal"]
[Board "2.1"]
[WhiteElo "2186"]
[BlackElo "2245"]
[WhiteTeam "Niedersachsen"]
[BlackTeam "Hamburg"]
[PlyCount "54"]
[WhiteFideId "24675687"]
[BlackFideId "24623075"]
[EventCountry "GER"]
[EventRounds "7"]
[EventType "team-swiss"]
[EventDate "2011.10.30"]

1. e4 c5 2. Nf3 d6 3. d4 cxd4 4. Nxd4 Nf6 5. Nc3 a6 6. Be3 e5 7. Nb3 Be6 8. Qd2
Be7 9. f3 O-O 10. O-O-O a5 11. a4 Nc6 12. g4 Nb4 13. g5 Ne8 14. Rg1 Rc8 15. Kb1
d5 16. exd5 Bf5 17. Rc1 b6 18. f4 exf4 19. Bxf4 Nd6 20. Nd4 Ne4 21. Nxe4 Qxd5
22. Nb3 Qxe4 23. Na1 Qe6 24. b3 Nxc2 25. Rxc2 Bxc2+ 26. Kb2 Bb4 27. Qe3 Bc3+
0-1

[Event "DLM 2011"]
[Site "Xanten GER"]
[Date "2011.10.31"]
[Round "1"]
[White "Stanau, Guido"]
[Black "Kyas, Philipp"]
[Result "1-0"]
[Termination "normal"]
[Board "2.2"]
[WhiteElo "2035"]
[BlackElo "2100"]
[WhiteTeam "Hamburg"]
[BlackTeam "Niedersachsen"]
[PlyCount "107"]
[WhiteFideId "24692255"]
[BlackFideId "24670936"]
[EventCountry "GER"]
[EventRounds "7"]
[EventType "team-swiss"]
[EventDate "2011.10.30"]

1. e4 e5 2. Nf3 Nc6 3. d4 exd4 4. Nxd4 Bc5 5. Nxc6 Qf6 6. Qf3 bxc6 7. Nc3 Bd4
8. Bd2 Rb8 9. Bc4 d6 10. Qxf6 Nxf6 11. f3 O-O 12. O-O-O Be6 13. Bb3 c5 14. Bxe6
fxe6 15. Na4 Nh5 16. Bc3 Be3+ 17. Bd2 Bd4 18. Bc3 e5 19. Bd2 Nf4 20. c3 Bf2 21.
Rhf1 Nd3+ 22. Kc2 c4 23. b3 Bb6 24. bxc4 Nc5 25. Nxc5 Bxc5 26. Rb1 Bb6 27. Bc1
Rf6 28. Kd3 Kf7 29. Be3 Ke6 30. Rfd1 Rg6 31. Rb2 Kd7 32. c5 dxc5 33. Kc4+ Rd6
34. Rbd2 Kc6 35. Rd5 Re8 36. a4 a6 37. a5 Ba7 38. Rb1 Ree6 39. Bf2 Re8 40. Bxc5
Bxc5 41. Rxc5+ Kd7 42. Rb7 Rc6 43. Rxc6 Kxc6 44. Ra7 Rb8 45. Rxa6+ Kd7 46. h4
Rb2 47. Ra8 Kc6 48. g4 Rf2 49. Rf8 Ra2 50. Rf7 Rf2 51. h5 g5 52. Rf6+ Kb7 53.
Kd5 Ra2 54. a6+ 1-0

[Event "DLM 2011"]
[Site "Xanten GER"]
[Date "2011.10.31"]
[Round "1"]
[White "Schreiner, Till"]
[Black "Gupta, Arijit"]
[Result "1-0"]
[Termination "normal"]
[Board "2.3"]
[WhiteElo "2150"]
[BlackElo "2030"]
[WhiteTeam "Niedersachsen"]
[BlackTeam "Hamburg"]
[PlyCount "91"]
[WhiteFideId "24675555"]
[BlackFideId "24696293"]
[EventCountry "GER"]
[EventRounds "7"]
[EventType "team-swiss"]
[EventDate "2011.10.30"]

1. d4 c5 2. d5 f5 3. c4 Nf6 4. Nc3 g6 5. Nf3 d6 6. g3 Bg7 7. Bg2 O-O 8. O-O
Nbd7 9. Qc2 a6 10. a4 Qe8 11. b3 Ng4 12. h3 Nge5 13. Ng5 Nf6 14. f4 Nf7 15.
Nxf7 Qxf7 16. Bb2 Re8 17. Kh2 e5 18. dxe6 Bxe6 19. Rad1 Rad8 20. Nd5 Ne4 21.
Bxe4 fxe4 22. Bxg7 Qxg7 23. Qc3 Bxd5 24. Qxg7+ Kxg7 25. Rxd5 Kf6 26. Rfd1 Ke6
27. Kg2 Rd7 28. Kf2 b5 29. axb5 axb5 30. b4 bxc4 31. bxc5 Red8 32. Ke3 c3 33.
cxd6 Rxd6 34. Rxd6+ Rxd6 35. Rc1 Kd5 36. Rxc3 Ra6 37. Rb3 h5 38. Rb5+ Kc4 39.
Rg5 Re6 40. Re5 Ra6 41. Kxe4 Ra2 42. e3 h4 43. gxh4 Rh2 44. h5 Rxh3 45. hxg6
Rg3 46. Rg5 1-0

[Event "DLM 2011"]
[Site "Xanten GER"]
[Date "2011.10.31"]
[Round "1"]
[White "Kramer, Julian"]
[Black "Koop, Thorben"]
[Result "0-1"]
[Termination "normal"]
[Board "2.4"]
[WhiteElo "2047"]
[BlackElo "2098"]
[WhiteTeam "Hamburg"]
[BlackTeam "Niedersachsen"]
[PlyCount "76"]
[WhiteFideId "12921742"]
[BlackFideId "24661619"]
[EventCountry "GER"]
[EventRounds "7"]
[EventType "team-swiss"]
[EventDate "2011.10.30"]

1. e4 c5 2. Nf3 Nc6 3. d4 cxd4 4. Nxd4 e5 5. Nb5 d6 6. N1c3 a6 7. Na3 Be6 8.
Nc4 Rb8 9. Nd5 Bxd5 10. exd5 Nce7 11. Be2 Nf6 12. Ne3 g6 13. O-O Bg7 14. c4 O-O
15. b4 Nd7 16. Ba3 Rc8 17. Rc1 b6 18. Nc2 Nf5 19. Na1 Nd4 20. Nb3 Bh6 21. Rc3
Nb5 22. cxb5 Rxc3 23. bxa6 Rc7 24. b5 Nc5 25. Bxc5 dxc5 26. Bc4 Qd6 27. a4 e4
28. a5 e3 29. fxe3 Re7 30. axb6 Bxe3+ 31. Kh1 Re4 32. Qd3 Rh4 33. h3 Qg3 34.
Qe2 Bf4 35. Rxf4 Rxf4 36. b7 Rf2 37. Qe4 Kg7 38. d6 Re8 0-1

[Event "DLM 2011"]
[Site "Xanten GER"]
[Date "2011.10.31"]
[Round "1"]
[White "Kickert, Germaine Helene"]
[Black "Krüger, David"]
[Result "1/2-1/2"]
[Termination "normal"]
[Board "2.5"]
[WhiteElo "1998"]
[BlackElo "1750"]
[WhiteTeam "Niedersachsen"]
[BlackTeam "Hamburg"]
[PlyCount "99"]
[WhiteFideId "24614890"]
[BlackFideId "12921858"]
[EventCountry "GER"]
[EventRounds "7"]
[EventType "team-swiss"]
[EventDate "2011.10.30"]

1. e4 e5 2. Nf3 Nc6 3. d4 exd4 4. Nxd4 Bb4+ 5. c3 Bc5 6. Be3 Bb6 7. Qg4 Qf6 8.
Qg3 d6 9. Nb5 Bxe3 10. Nxc7+ Kd8 11. Nxa8 Bc1 12. a4 Ne5 13. Nd2 Bxb2 14. Ra2
Bc1 15. Qe3 Nc6 16. Bb5 Nge7 17. O-O Be6 18. Rc2 Ba3 19. e5 Qxe5 20. Qxe5 Nxe5
21. Ne4 Bd5 22. Re1 b6 23. Rd2 f6 24. Nxd6 Bxd6 25. Red1 Bxa8 26. Rxd6+ Kc8 27.
Ba6+ Bb7 28. Bxb7+ Kxb7 29. Rd7+ Nxd7 30. Rxd7+ Ka6 31. Rxe7 g6 32. Kf1 f5 33.
Ke2 h6 34. Rg7 Re8+ 35. Kd3 Re6 36. Kd4 g5 37. Rf7 f4 38. g3 fxg3 39. fxg3 Re2
40. h4 gxh4 41. gxh4 Rg2 42. Rf4 Rg3 43. Kc4 h5 44. Kd4 Ka5 45. Rf5+ Kxa4 46.
Rxh5 a5 47. Kc4 Rh3 48. Rh8 b5+ 49. Kd4 Kb3 50. Rh5 1/2-1/2

[Event "DLM 2011"]
[Site "Xanten GER"]
[Date "2011.10.31"]
[Round "1"]
[White "Lemke, Berfin"]
[Black "Rethmann, Kristin"]
[Result "0-1"]
[Termination "normal"]
[Board "2.6"]
[WhiteElo "1549"]
[BlackElo "1820"]
[WhiteTeam "Hamburg"]
[BlackTeam "Niedersachsen"]
[PlyCount "58"]
[WhiteFideId "1270578"]
[BlackFideId "24655805"]
[EventCountry "GER"]
[EventRounds "7"]
[EventType "team-swiss"]
[EventDate "2011.10.30"]

1. e4 d5 2. exd5 Qxd5 3. Nc3 Qa5 4. d4 Nf6 5. Bc4 Nc6 6. Nge2 Be6 7. Bxe6 fxe6
8. Be3 O-O-O 9. Qc1 e5 10. dxe5 Nxe5 11. Nd4 Nc4 12. a3 e5 13. Nf3 h6 14. O-O
Bc5 15. Bxc5 Qxc5 16. b4 Qc6 17. Rd1 Rxd1+ 18. Nxd1 Rd8 19. c3 Qe4 20. Nb2 Nxb2
21. Qxb2 Qd3 22. Qc1 e4 23. Nd4 Nd5 24. Nb3 Nxc3 25. Kh1 Nd1 26. h3 Qxb3 27.
Rb1 Nxf2+ 28. Kg1 Qxb1 29. Qxb1 Rd1+ 0-1

[Event "DLM 2011"]
[Site "Xanten GER"]
[Date "2011.10.31"]
[Round "1"]
[White "Sieber, Fiona"]
[Black "Rogozenco, Teodora"]
[Result "1/2-1/2"]
[Termination "normal"]
[Board "2.7"]
[WhiteElo "1720"]
[BlackElo "1527"]
[WhiteTeam "Niedersachsen"]
[BlackTeam "Hamburg"]
[PlyCount "85"]
[WhiteFideId "12902373"]
[BlackFideId "12938084"]
[EventCountry "GER"]
[EventRounds "7"]
[EventType "team-swiss"]
[EventDate "2011.10.30"]

1. e4 d6 2. d4 Nf6 3. Nc3 e5 4. dxe5 dxe5 5. Qxd8+ Kxd8 6. Bg5 Be6 7. O-O-O+
Nbd7 8. Nf3 Kc8 9. Bb5 c6 10. Ba4 Bb4 11. Bxf6 gxf6 12. Bb3 Kc7 13. Ne2 Rag8
14. Ng3 Nc5 15. Bxe6 Nxe6 16. Nh5 Rxg2 17. Nxf6 Rxf2 18. Rhf1 Rxf1 19. Rxf1 Bd6
20. Rd1 h5 21. h4 a6 22. c3 b5 23. b4 Nf4 24. Ng5 Rf8 25. Nxf7 Rxf7 26. Ne8+
Kd8 27. Nxd6 Rd7 28. Nf7+ Ke8 29. Rxd7 Kxd7 30. Nxe5+ Kd6 31. Nf3 Nd3+ 32. Kc2
Nf2 33. e5+ Ke6 34. Kd2 Ng4 35. Nd4+ Kxe5 36. Nxc6+ Kf4 37. Nd4 Kg3 38. Nf5+
Kf4 39. Ne7 Ne5 40. Ke2 Kg4 41. Kf2 Kxh4 42. Kg2 Kg4 43. Nd5 1/2-1/2

[Event "DLM 2011"]
[Site "Xanten GER"]
[Date "2011.10.31"]
[Round "1"]
[White "Bräuer, Franz"]
[Black "Dann, Matthias"]
[Result "1-0"]
[Termination "normal"]
[Board "3.1"]
[BlackTitle "FM"]
[WhiteElo "2172"]
[BlackElo "2379"]
[WhiteTeam "Thüringen"]
[BlackTeam "Rheinland-Pfalz"]
[PlyCount "97"]
[WhiteFideId "24634468"]
[BlackFideId "24638056"]
[EventCountry "GER"]
[EventRounds "7"]
[EventType "team-swiss"]
[EventDate "2011.10.30"]

1. Nf3 Nf6 2. c4 c5 3. Nc3 b6 4. d4 cxd4 5. Nxd4 Bb7 6. f3 e6 7. e4 d6 8. Be3
Be7 9. Be2 a6 10. O-O O-O 11. Qd2 Qc7 12. Rac1 Nbd7 13. Rfd1 Rac8 14. Bf1 Qb8
15. Qf2 Rfe8 16. a4 Ne5 17. b3 Bd8 18. Nc2 Nfd7 19. Kh1 Kh8 20. Qe2 Bc7 21. Rb1
Ng6 22. Bg1 Nde5 23. Ne3 Qa8 24. b4 Rf8 25. Rb2 f6 26. Rdb1 Rcd8 27. Qc2 Nf4
28. Ne2 g5 29. c5 Ned3 30. Nxf4 Nxf4 31. c6 Bc8 32. b5 d5 33. g3 dxe4 34. fxe4
Ng6 35. Nc4 axb5 36. Nxb6 Bxb6 37. Bxb6 bxa4 38. Bxd8 Rxd8 39. Qc5 a3 40. Ra2
Qa4 41. Qc4 Qa5 42. c7 Rf8 43. Qc1 Qe5 44. Bg2 h5 45. Rxa3 h4 46. Qc3 h3 47.
Bf3 Qd6 48. Rd1 Qe7 49. Ra8 1-0

[Event "DLM 2011"]
[Site "Xanten GER"]
[Date "2011.10.31"]
[Round "1"]
[White "Carow, Johannes"]
[Black "Wendling, Hannes"]
[Result "1/2-1/2"]
[Termination "normal"]
[Board "3.2"]
[WhiteElo "2172"]
[BlackElo "2168"]
[WhiteTeam "Rheinland-Pfalz"]
[BlackTeam "Thüringen"]
[PlyCount "50"]
[WhiteFideId "24692050"]
[BlackFideId "24624284"]
[EventCountry "GER"]
[EventRounds "7"]
[EventType "team-swiss"]
[EventDate "2011.10.30"]

1. d4 d5 2. c4 e6 3. Nf3 Nf6 4. Nc3 Nbd7 5. cxd5 exd5 6. Bg5 Bb4 7. e3 c5 8.
Bd3 Qa5 9. Qc2 c4 10. Bf5 O-O 11. O-O Re8 12. Nd2 g6 13. Bxd7 Nxd7 14. Rae1
Bxc3 15. bxc3 Nb6 16. f3 Bd7 17. Bh4 Na4 18. Nb1 f5 19. e4 dxe4 20. fxe4 fxe4
21. Bf6 e3 22. Be5 Rf8 23. Qe4 Bc6 24. Qxe3 Qd5 25. Qg3 Rxf1+ 1/2-1/2

[Event "DLM 2011"]
[Site "Xanten GER"]
[Date "2011.10.31"]
[Round "1"]
[White "Urban, Lars"]
[Black "Yankelevich, Lev"]
[Result "0-1"]
[Termination "normal"]
[Board "3.3"]
[WhiteElo "1970"]
[BlackElo "2072"]
[WhiteTeam "Thüringen"]
[BlackTeam "Rheinland-Pfalz"]
[PlyCount "66"]
[WhiteFideId "4644034"]
[BlackFideId "24684074"]
[EventCountry "GER"]
[EventRounds "7"]
[EventType "team-swiss"]
[EventDate "2011.10.30"]

1. d4 d5 2. c4 dxc4 3. Nc3 e5 4. e3 exd4 5. exd4 Nc6 6. Bxc4 Bd6 7. Nge2 h6 8.
Ne4 Nf6 9. Nxd6+ Qxd6 10. O-O O-O 11. Bf4 Qd8 12. d5 Na5 13. b3 b6 14. Ng3 Bb7
15. d6 Nxc4 16. bxc4 cxd6 17. Bxd6 Re8 18. Bf4 Qc8 19. Qd4 Qc6 20. f3 Rad8 21.
Qb2 Qc5+ 22. Kh1 Rd4 23. Bd2 Rh4 24. Rae1 Rxe1 25. Rxe1 Rxc4 26. Be3 Qb4 27.
Qe2 Rc2 28. Qxc2 Qxe1+ 29. Bg1 Qe6 30. Qc7 Qc8 31. Qd6 Qc6 32. Qb8+ Kh7 33.
Qxa7 Qxf3 0-1

[Event "DLM 2011"]
[Site "Xanten GER"]
[Date "2011.10.31"]
[Round "1"]
[White "Perske, Thore"]
[Black "Hoffmann, Tim"]
[Result "0-1"]
[Termination "normal"]
[Board "3.4"]
[WhiteElo "1909"]
[BlackElo "1881"]
[WhiteTeam "Rheinland-Pfalz"]
[BlackTeam "Thüringen"]
[PlyCount "88"]
[WhiteFideId "12902195"]
[BlackFideId "12900338"]
[EventCountry "GER"]
[EventRounds "7"]
[EventType "team-swiss"]
[EventDate "2011.10.30"]

1. e4 c5 2. Nf3 e6 3. d4 cxd4 4. Nxd4 a6 5. Nc3 Qc7 6. Be2 Bb4 7. Bd2 Nf6 8.
Bf3 Nc6 9. Nb3 Be7 10. a4 b6 11. O-O Bb7 12. g3 Ne5 13. Bg2 d6 14. Qe2 Nc4 15.
Bc1 Rc8 16. Nd4 O-O 17. Rd1 Rfd8 18. b3 Na5 19. Bb2 d5 20. exd5 Nxd5 21. Nxd5
Bxd5 22. Bxd5 Rxd5 23. Qxa6 Rcd8 24. c4 R5d7 25. Rd3 Qb7 26. Qxb7 Nxb7 27. Rf3
Rxd4 28. Bxd4 Rxd4 29. Kf1 Bb4 30. Re3 Kf8 31. Ke2 Rd2+ 32. Kf3 Nc5 33. Rb1 Ke7
34. Re2 Rd4 35. Ke3 e5 36. Kf3 Kd6 37. h4 f5 38. h5 Ne4 39. Rbb2 Nf6 40. h6 g5
41. Rb1 e4+ 42. Kg2 Kc5 43. f3 Rd3 44. fxe4 Nxe4 0-1

[Event "DLM 2011"]
[Site "Xanten GER"]
[Date "2011.10.31"]
[Round "1"]
[White "Nguyen, Huy Dat"]
[Black "Bauer, Björn-Benny"]
[Result "1/2-1/2"]
[Termination "normal"]
[Board "3.5"]
[BlackTitle "Nr6"]
[WhiteElo "1733"]
[BlackElo "1922"]
[WhiteTeam "Thüringen"]
[BlackTeam "Rheinland-Pfalz"]
[PlyCount "92"]
[WhiteFideId "12923486"]
[BlackFideId "24698741"]
[EventCountry "GER"]
[EventRounds "7"]
[EventType "team-swiss"]
[EventDate "2011.10.30"]

1. d4 Nf6 2. Nf3 c5 3. c4 cxd4 4. Nxd4 b6 5. Nc3 Bb7 6. Bg5 Ne4 7. Nxe4 Bxe4 8.
f3 Bb7 9. e4 h6 10. Be3 d6 11. Be2 Nd7 12. O-O a6 13. Rc1 e6 14. Qa4 Qc7 15. b4
Be7 16. Rfd1 O-O 17. Qb3 Rfe8 18. Bf1 Bf8 19. Bf2 Rac8 20. a4 Qb8 21. Rb1 Qa8
22. Nc2 Rc7 23. Ne3 Qd8 24. Bg3 Rc6 25. Ng4 h5 26. Ne3 h4 27. Bf2 Qg5 28. Kh1
Ba8 29. Ng4 Kh8 30. Be3 Qh5 31. Nf2 Rcc8 32. Nh3 f5 33. Nf4 Qh7 34. c5 fxe4 35.
Nxe6 exf3 36. Ng5 fxg2+ 37. Bxg2 Bxg2+ 38. Kxg2 Qg6 39. Kh1 Be7 40. Rxd6 Bxd6
41. Nf7+ Kh7 42. Ng5+ Kh6 43. Ne6+ Kh7 44. Ng5+ Kh8 45. Nf7+ Kg8 46. Nxd6+ Kh7
1/2-1/2

[Event "DLM 2011"]
[Site "Xanten GER"]
[Date "2011.10.31"]
[Round "1"]
[White "Sanati, Charlotte"]
[Black "Allin, Katharina"]
[Result "1-0"]
[Termination "normal"]
[Board "3.8"]
[WhiteElo "1421"]
[BlackElo "1284"]
[WhiteTeam "Rheinland-Pfalz"]
[BlackTeam "Thüringen"]
[PlyCount "67"]
[WhiteFideId "12907707"]
[BlackFideId "12903779"]
[EventCountry "GER"]
[EventRounds "7"]
[EventType "team-swiss"]
[EventDate "2011.10.30"]

1. e4 e5 2. Nf3 Nc6 3. Bb5 a6 4. Ba4 b5 5. Bb3 Nf6 6. O-O d6 7. h3 Nxe4 8. Bd5
Bb7 9. Bxe4 Be7 10. c3 Bf6 11. d4 O-O 12. Be3 d5 13. Bc2 e4 14. Nfd2 Ne7 15. f3
Ng6 16. fxe4 dxe4 17. Nxe4 Bxe4 18. Bxe4 Rb8 19. b4 Re8 20. Qd3 Qe7 21. Nd2
Rbd8 22. Rae1 Bg5 23. Bxg5 Qxg5 24. Bxg6 Qxg6 25. Qxg6 hxg6 26. Re4 Rxe4 27.
Nxe4 Re8 28. Re1 Kf8 29. Kf2 f5 30. Nc5 Rxe1 31. Kxe1 Ke7 32. Nxa6 Kd6 33. Kd2
c6 34. Nc5 1-0